Vishnu Puran / (Record no. 64562)

MARC details
000 -LEADER
fixed length control field 00528nam a22001577a 4500
005 - DATE AND TIME OF LATEST TRANSACTION
control field 20120331145646.0
020 ## - INTERNATIONAL STANDARD BOOK NUMBER
International Standard Book Number 8171826733
Terms of availability 95.00
035 ## - SYSTEM CONTROL NUMBER
System control number B-83910
037 ## - SOURCE OF ACQUISITION
Stock number DPL
Source of stock number/acquisition ENG
100 ## - MAIN ENTRY--PERSONAL NAME
Personal name Chaturbedi, B.K.
245 ## - TITLE STATEMENT
Title Vishnu Puran /
Statement of responsibility, etc by B.K. Chaturvedi
260 ## - PUBLICATION, DISTRIBUTION, ETC. (IMPRINT)
Place of publication, distribution, etc New Delhi
Name of publisher, distributor, etc Diamond Pocket Books
Date of publication, distribution, etc 2003
300 ## - PHYSICAL DESCRIPTION
Extent 128p.
Dimensions 20 cms.
942 ## - ADDED ENTRY ELEMENTS (KOHA)
Source of classification or shelving scheme Dewey Decimal Classification
Item type English Books
Classification part 230.22
Call number suffix CHA
Holdings
Withdrawn status Lost status Not for loan Collection code Home library Current library Date acquired Cost, normal purchase price Full call number Barcode Cost, replacement price Koha item type
      Non-fiction Sarojini Nagar Sarojini Nagar 31/03/2012 95.00 230.22 CHA B-83910 95.00 English Books

© Delhi Public Library
Hit Counter
free hit counter